|
|
|
|
| LEADER |
02096nim a2200577 i 4500 |
| 001 |
001724503 |
| 003 |
CZ BrMZK |
| 005 |
20200221134943.0 |
| 007 |
sd fungnnmmned |
| 008 |
200109t20192019xr ||nne h n cze |
| 015 |
|
|
|a cnb003165195
|
| 024 |
3 |
|
|a 8594072274008
|
| 040 |
|
|
|a BOA001
|b cze
|e rda
|
| 041 |
1 |
|
|d cze
|h eng
|
| 072 |
|
7 |
|a 821.111-3
|x Anglická próza, anglicky psaná
|2 Konspekt
|9 25
|
| 072 |
|
7 |
|a 821-93
|x Literatura pro děti a mládež (beletrie)
|2 Konspekt
|9 26
|
| 080 |
|
|
|a 821.111-32
|2 MRF
|
| 080 |
|
|
|a (0:82-32)
|2 MRF
|
| 080 |
|
|
|a (086.7.053.2)
|2 MRF
|
| 080 |
|
|
|a (086.7)08
|2 MRF
|
| 080 |
|
|
|a (086.76)
|2 MRF
|
| 100 |
1 |
|
|a Norton, Mary,
|d 1903-1992
|7 mzk2006363424
|4 aut
|
| 240 |
1 |
0 |
|a Borrowers.
|l Česky
|
| 245 |
1 |
0 |
|a Pidilidi /
|c Mary Nortonová ; z anglického originálu The Borrowers ... přeložila Kateřina Závadová
|
| 264 |
|
1 |
|a Praha :
|b Tympanum, s.r.o.,
|c 2019
|
| 264 |
|
4 |
|c ℗2019
|
| 300 |
|
|
|a 1 audiodisk (4 hod., 26 min.) ;
|c 12 cm
|
| 306 |
|
|
|a 042600
|
| 336 |
|
|
|a mluvené slovo
|b spw
|2 rdacontent
|
| 337 |
|
|
|a audio
|b s
|2 rdamedia
|
| 338 |
|
|
|a audiodisk
|b sd
|2 rdacarrier
|
| 344 |
|
|
|a digital
|b optical
|2 rda
|
| 347 |
|
|
|a audio soubor
|b MP3
|2 rda
|
| 490 |
1 |
|
|a Original
|
| 500 |
|
|
|a Název z disku
|
| 500 |
|
|
|a Podle stejnojmenné knihy vydané nakladatelstvím Albatrosv Praze v roce 2006
|
| 500 |
|
|
|a Nezkrácená verze na 1 mp3 CD
|
| 508 |
|
|
|a Režie Luboš Koníř
|
| 511 |
0 |
|
|a Čte Růžena Merunková
|
| 655 |
|
7 |
|a anglické příběhy
|7 fd131813
|2 czenas
|
| 655 |
|
7 |
|a zvukové záznamy pro děti a mládež
|7 fd186726
|2 czenas
|
| 655 |
|
7 |
|a audioknihy
|7 fd119452
|2 czenas
|
| 655 |
|
7 |
|a kompaktní disky
|7 fd201991
|2 czenas
|
| 700 |
1 |
|
|a Závadová, Kateřina,
|d 1952-
|7 jn20010310469
|4 trl
|
| 700 |
1 |
|
|a Koníř, Lubomír,
|d 1968-
|7 xx0114081
|4 drt
|
| 700 |
1 |
|
|a Merunková, Růžena,
|d 1940-
|7 jn19990209540
|4 nrt
|
| 830 |
|
0 |
|a Original
|
| 910 |
|
|
|a BOA001
|b CDR-1441.931
|
| 990 |
|
|
|a AV
|
| 991 |
|
|
|b 202002
|c NOV
|
| 996 |
6 |
|
|b 2610812533
|c CDR-1441.931
|l MZK
|r Sklad / do 24 hodin
|n 0
|p p.v.
|w 001777539
|u 000010
|a 1
|e BOA001
|j MZK50
|s P
|